000 00828cam a2200193 i 4500
005 20251217104830.0
008 250721s1989 jo gr 000 0 ara d
082 1 4 _a216.925
_bم ص ر
100 1 _aالمصري، عبد المهدي عبد الهادي
_eمؤلف.
245 1 2 _aالأرض الخاصة بالدولة في الإسلام :
_bأرض الصوافي /
_cتأليف عبد المهدي عبد الهادي المصري.
250 _aالطبعة الأولى.
264 3 1 _aعمان :
_bدار أم القرى للنشر و التوزيع،
_c1989.
300 _a182 صفحة.
490 0 _aأبحاث في الإقتصاد الإسلامي.
650 1 7 _aالإقتصاد الإسلامي.
830 0 _aأبحاث في الإقتصاد الإسلامي.
942 _2ddc
_cBK
999 _c107031
_d107031